| 000 | 00700nam a22002537a 4500 | ||
|---|---|---|---|
| 003 | Nust | ||
| 005 | 20220511122445.0 | ||
| 008 | 161201b xxu||||| |||| 00| 0 eng d | ||
| 038 | _awaseem | ||
| 040 | _cNust | ||
| 041 | _hurdu | ||
| 082 |
_a891.4393 _bAZA |
||
| 100 |
_aAzad, Idrees _93127 |
||
| 245 | _aSultan Muhammad Fateh | ||
| 260 |
_aLahore: _bAl-Quresh, _c2013. |
||
| 300 | _a495p. | ||
| 500 | _aNovel | ||
| 563 | _aHBK. | ||
| 650 |
_aUrdu-Literature _9347 |
||
| 880 |
_6100-01\(3\r _aادریس آزاد |
||
| 880 |
_6245-02\(3\r _aسلطان محمد فاتح _cادریس آزاد |
||
| 880 |
_6260-03\(3\r _aلاہور: _bالقریش پبلی کیشنز، _c2013 |
||
| 942 |
_2ddc _cBK |
||
| 999 |
_c3969 _d3969 |
||